Textbook of Bioethics, Medical ethics and Health Law (Record no. 26817)

MARC details
000 -LEADER
fixed length control field 00363nam a22001577a 4500
003 - CONTROL NUMBER IDENTIFIER
control field SGT
020 ## - INTERNATIONAL STANDARD BOOK NUMBER
International Standard Book Number 9788195409723
082 ## - DEWEY DECIMAL CLASSIFICATION NUMBER
Classification number 174.957
Item number T23D
100 ## - MAIN ENTRY--PERSONAL NAME
Personal name D'Souza, Russell Franco
245 ## - TITLE STATEMENT
Title Textbook of Bioethics, Medical ethics and Health Law
250 ## - EDITION STATEMENT
Edition statement 1st
260 ## - PUBLICATION, DISTRIBUTION, ETC. (IMPRINT)
Name of publisher, distributor, etc Paras
Year of Publication 2023
300 ## - PAGE DESCRIPTION
No. of Pages 818
650 ## - SUBJECT ADDED ENTRY--TOPICAL TERM
Topical term or geographic name as entry element Medical Ethics
942 ## - ADDED ENTRY ELEMENTS (KOHA)
Source of classification or shelving scheme Dewey Decimal Classification
Koha item type Books
Holdings
Withdrawn status Lost status Source of classification or shelving scheme Damaged status Not for loan Home library Current library Shelving location Date acquired Vendor Name Cost, normal purchase price SGTU Bill Number Full call number Accession No. (Barcode) Date last seen Bill Date Koha item type Total Checkouts
    Dewey Decimal Classification   Not For Loan SGT Dental Library SGT Dental Library Reference Book 22/08/2024 Ahuja Book Co. Pvt. Ltd. 1995.00 SGTU 19153 174.957 T23D FD9461 22/08/2024   Books  
    Dewey Decimal Classification     SGT Dental Library SGT Dental Library Text Book 22/08/2024 Ahuja Book Co. Pvt. Ltd. 1995.00 SGTU 19153 174.957 T23D FD9462 22/08/2024   Books  
    Dewey Decimal Classification     SGT Dental Library SGT Dental Library Text Book 22/08/2024 Ahuja Book Co. Pvt. Ltd. 1995.00 SGTU 19153 174.957 T23D FD9463 22/08/2024   Books  
    Dewey Decimal Classification     SGT Dental Library SGT Dental Library Text Book 22/08/2024 Ahuja Book Co. Pvt. Ltd. 1995.00 SGTU 19153 174.957 T23D FD9464 22/08/2024   Books  
    Dewey Decimal Classification     SGT Dental Library SGT Dental Library Text Book 22/08/2024 Ahuja Book Co. Pvt. Ltd. 1995.00 SGTU 19153 174.957 T23D FD9465 22/08/2024   Books